Normal view
MARC view
- 12 INCREDIBLE PROJECTS YOU CAN BUILD
Entry Topical Term
001 - CONTROL NUMBER
- control field: 73393
003 - CONTROL NUMBER IDENTIFIER
- control field: NUST
005 - DATE AND TIME OF LATEST TRANSACTION
- control field: 20210628205018.0
008 - FIXED-LENGTH DATA ELEMENTS
- fixed length control field: 210628|| aca||aabn | a|a d
040 ## - CATALOGING SOURCE
- Original cataloging agency: NUST
- Transcribing agency: NUST
150 ## - HEADING--TOPICAL TERM
- Topical term or geographic name entry element: 12 INCREDIBLE PROJECTS YOU CAN BUILD
670 ## - SOURCE DATA FOUND
- Source citation: Work cat.: (NUST): Iovine, John 69062, Robots, androids, and animatrons, 2002
